Figure Out the Lyrics: I'm Best Friends... Quiz Stats

 Plays Quiz not verified by Sporcle

Score 0/255 Timer 07:00
0 Plays Today
% Correct
I
100%
the
100%
and
100%
the
100%
and
100%
the
100%
and
100%
And
100%
a
100%
And
100%
I
100%
a
100%
I
100%
the
100%
a
100%
And
100%
And
100%
I
100%
a
100%
I
100%
And
100%
I
100%
I
100%
And
100%
I
100%
the
100%
and
100%
I
100%
and
100%
and
100%
and
100%
I
100%
the
100%
the
100%
the
100%
and
100%
the
100%
the
100%
And
100%
the
100%
I
100%
the
100%
I
100%
100%
I'm
66.7%
best
66.7%
friends
66.7%
with
66.7%
my
66.7%
own
66.7%
front
66.7%
door
66.7%
just
66.7%
closed
66.7%
it
66.7%
but
66.7%
it's
66.7%
opening
66.7%
more
66.7%
Then
66.7%
cops
66.7%
came
66.7%
they
66.7%
sent
66.7%
me
66.7%
to
66.7%
jail
66.7%
But
66.7%
tomorrow
66.7%
I'm
66.7%
gonna
66.7%
open
66.7%
it
66.7%
again
66.7%
I'm
66.7%
postman
66.7%
I've
66.7%
got
66.7%
cool
66.7%
clothes
66.7%
I'm
66.7%
neighbors
66.7%
I'm
66.7%
wearing
66.7%
cool
66.7%
% Correct
shoes
66.7%
I'm
66.7%
dreaming
66.7%
of
66.7%
brand
66.7%
new
66.7%
world
66.7%
I'm
66.7%
hoping
66.7%
that
66.7%
it
66.7%
comes
66.7%
real
66.7%
soon
66.7%
But
66.7%
saw
66.7%
sign
66.7%
saw
66.7%
sign
66.7%
It's
66.7%
bad
66.7%
bad
66.7%
sign
66.7%
Said
66.7%
it's
66.7%
not
66.7%
gonna
66.7%
happen
66.7%
it's
66.7%
not
66.7%
what
66.7%
it
66.7%
seems
66.7%
You're
66.7%
not
66.7%
gonna
66.7%
make
66.7%
it
66.7%
it's
66.7%
not
66.7%
meant
66.7%
to
66.7%
be
66.7%
But
66.7%
F
66.7%
Them
66.7%
just
66.7%
climbed
66.7%
huge
66.7%
mountain
66.7%
But
66.7%
everyone
66.7%
told
66.7%
me
66.7%
couldn't
66.7%
do
66.7%
it
66.7%
real
66.7%
cause
66.7%
got
66.7%
of
66.7%
in
66.7%
my
66.7%
walk
66.7%
down
66.7%
street
66.7%
People
66.7%
throw
66.7%
things
66.7%
at
66.7%
me
66.7%
Like
66.7%
strength
66.7%
tests
66.7%
(Oh
66.7%
How
66.7%
much
66.7%
can
66.7%
bench
66.7%
press
66.7%
Oh
66.7%
I'm
66.7%
very
66.7%
strong
66.7%
Time
66.7%
% Correct
to
66.7%
win
66.7%
some
66.7%
awards
66.7%
I'm
66.7%
gonna
66.7%
do
66.7%
everything
66.7%
that
66.7%
you're
66.7%
not
66.7%
supposed
66.7%
to
66.7%
do
66.7%
I'm
66.7%
gonna
66.7%
open
66.7%
to
66.7%
page
66.7%
one
66.7%
then
66.7%
skip
66.7%
ahead
66.7%
to
66.7%
page
66.7%
two
66.7%
Cause
66.7%
I'm
66.7%
hungry
66.7%
scared
66.7%
can't
66.7%
find
66.7%
truth
66.7%
so
66.7%
I'm
66.7%
leaving
66.7%
Oh
66.7%
there's
66.7%
my
66.7%
balloon
66.7%
Over
66.7%
Under
66.7%
over
66.7%
town
66.7%
I'm
66.7%
gonna
66.7%
you
66.7%
things
66.7%
that
66.7%
I'm
66.7%
they
66.7%
all
66.7%
Then
66.7%
them
66.7%
all
66.7%
again
66.7%
That's
66.7%
how
66.7%
Oh
66.7%
that's
66.7%
how
66.7%
home
66.7%
again
66.7%
feel
33.3%
nice
33.3%
lots
33.3%
money
33.3%
bank
33.3%
account
33.3%
breakfasts
33.3%
trees
33.3%
bridge
33.3%
tell
33.3%
feeling
33.3%
out
33.3%
loud
33.3%
changed
33.3%
rules
33.3%
wrote
33.3%
game
33.3%
begins
33.3%
get
33.3%
this
0%
is
0%
cool)
0%

You're not logged in!

Compare scores with friends on all Sporcle quizzes.
OR
Log In

Show Comments

Extras

Top Quizzes Today


Score Distribution

Your Account Isn't Verified!

In order to create a playlist on Sporcle, you need to verify the email address you used during registration. Go to your Sporcle Settings to finish the process.

Report this User

Report this user for behavior that violates our Community Guidelines.

Details: